<?xml version="1.0" encoding="UTF-8"?>
<marc:record xmlns:marc="http://www.loc.gov/MARC21/slim">
   <marc:leader>00000nam a2200000 a 4500</marc:leader>
   <marc:datafield ind1="1" ind2=" " tag="100">
      <marc:subfield code="a">DVD</marc:subfield>
      <marc:subfield code="4">aut</marc:subfield>
      <marc:subfield code="e">Verfasser/-in</marc:subfield>
   </marc:datafield>
   <marc:datafield ind1=" " ind2=" " tag="653">
      <marc:subfield code="a">DVD</marc:subfield>
   </marc:datafield>
   <marc:datafield ind1="0" ind2="0" tag="245">
      <marc:subfield code="a">Neues von Pettersson und Findus</marc:subfield>
   </marc:datafield>
   <marc:datafield ind1="0" ind2="0" tag="245">
      <marc:subfield code="c">DVD</marc:subfield>
   </marc:datafield>
   <marc:datafield ind1=" " ind2="1" tag="264">
      <marc:subfield code="b">edel media &amp; entertainment GmbH</marc:subfield>
      <marc:subfield code="c">2003</marc:subfield>
   </marc:datafield>
   <marc:datafield ind1="1" ind2=" " tag="520">
      <marc:subfield code="a">Auch in ihrem zweiten Kinofilm erleben der skurrile Petterson und sein pfiffiger Kater Findus aufregende Abenteuer. Alles beginnt damit, dass Findus endlich das Chaos aufräumen soll, das er angerichtet hat. Aber der kleine Kater findet, dass Katzen lieber spielen als aufräumen sollen. Also schreibt er einen Brief an den König, der ihm das Aufräumen erlassen soll. Während Petterson und Findus auf die königliche Antwort warten, passiert so allerlei auf ihrem Bauernhof: Sie helfen einem hungrigen Elch, erhalten Besuch von Pettersons Bruder Alfred und dem Zirkustiger Szabo. Findus reist sogar zum Mond! Auch mit Gustavson und Frau Andersen, den beiden nicht minder schrulligen Nachbarn, haben die beiden ihren Spaß.</marc:subfield>
   </marc:datafield>
   <marc:datafield ind1=" " ind2=" " tag="020">
      <marc:subfield code="a">B000084HI6</marc:subfield>
      <marc:subfield code="9">B000084HI6</marc:subfield>
   </marc:datafield>
   <marc:datafield ind1="3" ind2=" " tag="024">
      <marc:subfield code="a">4029758234389</marc:subfield>
   </marc:datafield>
   <marc:datafield ind1="0" ind2=" " tag="490">
      <marc:subfield code="v">0</marc:subfield>
   </marc:datafield>
   <marc:datafield ind1=" " ind2=" " tag="300">
      <marc:subfield code="a">70 Min.</marc:subfield>
   </marc:datafield>
</marc:record>
